Normal view
MARC view
- Datta, Manoj
Entry Personal Name
001 - CONTROL NUMBER
- control field: 7374
003 - CONTROL NUMBER IDENTIFIER
- control field: OSt
005 - DATE AND TIME OF LATEST TRANSACTION
- control field: 20250328115425.0
008 - FIXED-LENGTH DATA ELEMENTS
- fixed length control field: 250328|| aca||aabn | a|a d
040 ## - CATALOGING SOURCE
- Original cataloging agency: OSt
- Transcribing agency: OSt
100 ## - HEADING--PERSONAL NAME
- Personal name: Datta, Manoj
670 ## - SOURCE DATA FOUND
- Source citation: Work cat.: (OSt)13588: Gulhati, Shashi K . 7373, Geotechnical engineering / , 2005.
